Il caos /
Gorde:
| Egile nagusia: | |
|---|---|
| Beste egile batzuk: | |
| Formatua: | Liburua |
| Hizkuntza: | italiera |
| Argitaratua: |
[Roma! :
L'unità : Editori riuniti,
1991
|
| Gaiak: | |
| Etiketak: |
Etiketarik gabe, Izan zaitez lehena erregistro honi etiketa jartzen!
|
MARC
| LEADER | 00000nam a22000007i 4500 | ||
|---|---|---|---|
| 001 | IT\ICCU\BVE\0031541 | ||
| 003 | ItRI | ||
| 005 | 20260115232257.0 | ||
| 008 | 921203s1991 it |||||| ||||| |||||c | ||
| 040 | |b ita |c importazione bologna sebina | ||
| 041 | 7 | |a ita |2 ISO-639-2 | |
| 082 | |a 858.914 |9 SCRITTI MISCELLANEI ITALIANI. 1945- |2 19 | ||
| 082 | |a 858.914 |9 SCRITTI MISCELLANEI ITALIANI, 1945-1999 |2 21 | ||
| 100 | 1 | |a Pasolini, Pier Paolo |0 IT\ICCU\CFIV\001068 |4 aut | |
| 240 | 1 | 3 | |a Il caos. |3 IT\ICCU\UBO\2413173 |9 Pasolini, Pier Paolo |
| 245 | 1 | 3 | |a Il caos / |c Pier Paolo Pasolini. |
| 260 | |a [Roma! : |b L'unità : |b Editori riuniti, |c 1991 | ||
| 300 | |a 253 p. ; |c 19 cm | ||
| 500 | |a Edizione fuori commercio | ||
| 500 | |a In copertina: un corsaro del nostro tempo | ||
| 500 | |a Scritti già pubblicati sulla rivista Tempo dal 1968-1970 | ||
| 650 | 7 | |a Società |x Italia |x 1968-1970 |2 scbi | |
| 700 | 1 | |a Ferretti, Gian Carlo |0 IT\ICCU\CFIV\003630 |4 aui | |
| 790 | 1 | |a Ferretti, Giancarlo, |d (1930-2022) |3 IT\ICCU\CFIV\241906 |z Ferretti, Gian Carlo | |
| 942 | |2 ddc |c BK |n 0 | ||
| 952 | |0 0 |1 0 |4 0 |6 DOC_858_914000000000000_PAS |7 0 |9 23433 |a BO |b BO |d 2026-01-15 |i 15868 |l 0 |o DOC 858.914 PAS |p BO15868 |r 2026-01-15 23:22:57 |w 2026-01-15 |x [Sebina 5] [1 v.] |y BK |z 1 v. | ||
| 952 | |0 0 |1 0 |4 0 |6 DOC_858_914000000000000_PAS |7 0 |9 23434 |a BO |b BO |d 2026-01-15 |i 6072 |l 0 |o DOC 858.914 PAS |p BO6072 |r 2026-01-15 23:22:57 |w 2026-01-15 |x [Sebina 5] [1 v.] |y BK |z 1 v. | ||
| 952 | |0 0 |1 0 |4 0 |6 DOC_858_914000000000000_PAS |7 0 |9 23435 |a BO |b BO |d 2026-01-15 |i 2645 |l 0 |o DOC 858.914 PAS |p BO2645 |r 2026-01-15 23:22:57 |w 2026-01-15 |x [Sebina 5] [1 v.] |y BK |z 1 v. | ||
| 999 | |c 19969 |d 19969 | ||